ბათუმის შოთა რუსთაველის სახელმწიფო უნივერსიტეტის ბიბლიოთეკა

ქართლის ცხოვრება / (ბიბ.ჩანაწერი № 36454)

000 -ლიდერი
ფიქსირებული სიგრძის საკონტროლო ველი 01973nam a2200265Ia 4500
001 - საკონტროლო ნომერი
საკონტროლო ველი 2369
003 - საკონტროლო ნომრის იდენტიფიკატორი
საკონტროლო ველი GE_BSU
005 - ბოლო ოპერაციის თარიღი და დრო
საკონტროლო ველი 20190530194119.0
008 - ფიქსირებული სიგრძის მონაცემთა ელემენტები - ზოგადი ინფორმაცია
ფიქსირებული სიგრძის საკონტროლო ველი 181216s2008||||ge |||||||||||||| ||geo||
020 ## - წიგნის საერთაშორისო სტანდარტული ნომერი
International Standard Book Number 9789994055579
040 ## - კატალოგიზაციის წყარო
Transcribing agency GE_BSU
041 ## - ენის კოდი
Language code of text/sound track or separate title geo
080 ## - უნივერსალური ათობითი კლასიფიკაციის ინდექსი
Universal Decimal Classification number 94(479.22) ქ–27
245 ## - ცნობა სათაურის შესახებ
Title ქართლის ცხოვრება /
Statement of responsibility, etc საქ. მეცნ. ეროვნ. აკად., საქ. ისტორ. წყაროების კომისია, საქ. ისტორიკოსთა ეროვნ. კომ-ტი ; მთ. რედ. როინ მეტრეველი ; სარედ. კოლ.: მედეა აბაშიძე [და სხვ.] ; [ტექსტები გამოსაც. მოამზადეს: მიხეილ ქავთარია
264 ## - წარმოების, გამოცემის, დისტრიბუციის და სხვა ცნობები
გამოცემის, წარმოების, დისტრიბუციის... ადგილი თბილისი :
გამოცემის, წარმოების, დისტრიბუციის... სახელწოდება მერიდიანი : არტანუჯი,
გამოცემის, წარმოების, დისტრიბუციის... თარიღი 2008.
300 ## - ფიზიკური აღწერა
Extent 828 გვ. :
Other physical details + 7 ჩართ. რუკა ;
Dimensions 29 სმ.
500 ## - ზოგადი შენიშვნა
General note ეძღვნ. საქ. კათოლიკოს-პატრიარქის ილია II-ის დაბადების 75-ე და აღსაყდრების 30-ე წლისთავს.
504 ## - BIBLIOGRAPHY, ETC. NOTE
Bibliography, etc დანართები: გვ. 657-730. - საძიებლები: გვ. 783-828. ბიბლიოგრ.: გვ. 731-781.
653 ## - INDEX TERM--UNCONTROLLED
Uncontrolled term ისტორია
653 ## - INDEX TERM--UNCONTROLLED
Uncontrolled term ქართლის ცხოვრება
700 ## - ADDED ENTRY--PERSONAL NAME
Personal name სილოგავა, ვალერი
Relator term შემდგენელი
9 (RLIN) 1878
700 ## - ADDED ENTRY--PERSONAL NAME
Personal name მეტრეველი, როინ
Relator term რედაქტორი
9 (RLIN) 1879
710 ## - ADDED ENTRY--CORPORATE NAME
Corporate name or jurisdiction name as entry element საქ. მეცნ. ეროვნ. აკად.;
Subordinate unit საქ. ისტორ. წყაროების კომისია; საქ. ისტორიკოსთა ეროვნ. კომ-ტი;
9 (RLIN) 1880
942 ## - ADDED ENTRY ELEMENTS (KOHA)
Koha item type წიგნი
Source of classification or shelving scheme
ეგზემპლარები
ჩამოწერის სტატუსი დაკარგული ეგზემპლარის სტატუსი კლასიფიკაციის წყარო ან თაროზე გაწყობის სქემა დაზიანების სტატუსი არ გაიცემა მუდმივი მდებარეობა (დაცვის ადგილი) ამჟამინდელი ადგილსამყოფელი თაროზე განთავსების ადგილი შეძენის თარიღი ღირებულება, შესყიდვის ნორმალური ფასი სრული შენახვის შიფრი შტრიხკოდი ბოლო ოპერაციის თარიღი ეგზემპლარის მიმდევრობითი ნომერი (კეტერი?) ფასის ძალაში შესვლის თარიღი ეგზემპლარის სახეობა საჯარო შენიშვნა
          ბათუმის შოთა რუსთაველის სახელმწიფო უნივერსიტეტის მთავარი ბიბლიოთეკა ბათუმის შოთა რუსთაველის სახელმწიფო უნივერსიტეტის მთავარი ბიბლიოთეკა წიგნსაცავი 2018-12-17 50.00 94(479.22) ქ–27 4480 2018-12-17 4480 2018-12-17 წიგნი 50 ლ.
          ბათუმის შოთა რუსთაველის სახელმწიფო უნივერსიტეტის მთავარი ბიბლიოთეკა ბათუმის შოთა რუსთაველის სახელმწიფო უნივერსიტეტის მთავარი ბიბლიოთეკა წიგნსაცავი 2020-01-29 65.00 94(479.22) ქ–27 13424 2020-01-29 13424 2020-01-29 წიგნი 65 ლ.
          ბათუმის შოთა რუსთაველის სახელმწიფო უნივერსიტეტის მთავარი ბიბლიოთეკა ბათუმის შოთა რუსთაველის სახელმწიფო უნივერსიტეტის მთავარი ბიბლიოთეკა წიგნსაცავი 2020-01-29 65.00 94(479.22) ქ–27 13425 2020-01-29 13425 2020-01-29 წიგნი 65 ლ..
          ბათუმის შოთა რუსთაველის სახელმწიფო უნივერსიტეტის მთავარი ბიბლიოთეკა ბათუმის შოთა რუსთაველის სახელმწიფო უნივერსიტეტის მთავარი ბიბლიოთეკა წიგნსაცავი 2020-01-29 20.00 94(479.22) ქ–27 370 2020-01-29 370 2020-01-29 წიგნი 20 ლ.
          ბათუმის შოთა რუსთაველის სახელმწიფო უნივერსიტეტის მთავარი ბიბლიოთეკა ბათუმის შოთა რუსთაველის სახელმწიფო უნივერსიტეტის მთავარი ბიბლიოთეკა წიგნსაცავი 2020-01-29 20.00 94(479.22) ქ–27 371 2020-01-29 371 2020-01-29 წიგნი 20 ლ.
          ბათუმის შოთა რუსთაველის სახელმწიფო უნივერსიტეტის მთავარი ბიბლიოთეკა ბათუმის შოთა რუსთაველის სახელმწიფო უნივერსიტეტის მთავარი ბიბლიოთეკა წიგნსაცავი 2020-01-29 70.00 94(479.22) ქ–27 22896 2020-01-29 22896 2020-01-29 წიგნი 70 ლ.